Ordenes para el Día-D / (Record no. 173203)

MARC details
000 -LEADER
campo de control de longitud fija 00926nam a22002415i 4500
001 - NÚMERO DE CONTROL
campo de control 173203
003 - IDENTIFICADOR DE NÚMERO DE CONTROL
campo de control ES-MaACL
005 - FECHA Y HORA DE LA ÚLTIMA TRANSACCIÓN
campo de control 20240417183535.0
008 - DATOS DE LONGITUD FIJA--INFORMACIÓN GENERAL
campo de control de longitud fija 091117s2008 sp |||| | spa d
080 ## - NÚMERO DE LA CLASIFICACIÓN DECIMAL UNIVERSAL
Número de la Clasificación Decimal Universal 94(100)"1939/45"
100 0# - ENTRADA PRINCIPAL--NOMBRE DE PERSONA
Nombre de persona Eisenhower, Dwight D.
9 (RLIN) 46858
245 13 - MENCIÓN DEL TÍTULO
Título Ordenes para el Día-D /
Mención de responsabilidad, etc. Dwight D. Eisenhower ; prólogo de Michael Alpert.
260 ## - PUBLICACIÓN, DISTRIBUCIÓN, ETC.
Lugar de publicación, distribución, etc. [Barcelona] :
Nombre del editor, distribuidor, etc. Centro Editor PDA,
Fecha de publicación, distribución, etc. [2008]
300 ## - DESCRIPCIÓN FÍSICA
Extensión 64 p. :
Otras características físicas il. ;
Dimensiones 22 cm.
490 1# - MENCIÓN DE SERIE
Mención de serie Las voces de la democracia, así hablan los grandes políticos ;
Designación de volumen o secuencia 10
490 1# - MENCIÓN DE SERIE
Mención de serie Biblioteca El mundo
650 04 - PUNTO DE ACCESO ADICIONAL DE MATERIA--TÉRMINO DE MATERIA
Término de materia o nombre geográfico como elemento de entrada Guerra mundial, 1939-1945-
Subdivisión general Campañas-
Subdivisión geográfica Normandía.
9 (RLIN) 13233
700 0# - ENTRADA AGREGADA--NOMBRE PERSONAL
Nombre de persona Alpert, Michael,
Fechas asociadas al nombre 1936-
9 (RLIN) 20462
830 0# - PUNTO DE ACCESO ADICIONAL DE SERIE-TÍTULO UNIFORME
Título uniforme Las voces de la democracia, así hablan los grandes políticos ;
Designación de volumen o secuencia 10
9 (RLIN) 189188
830 0# - PUNTO DE ACCESO ADICIONAL DE SERIE-TÍTULO UNIFORME
Título uniforme Biblioteca El Mundo
9 (RLIN) 189189
852 ## - LOCALIZACIÓN
Ubicación ES-MaACL
Número de control de estantería 2254-F-5
itemnumber R.145430
Holdings
Estatus retirado Estado de pérdida Estado de daño No para préstamo Colección Biblioteca de origen Biblioteca actual Ubicación en estantería Fecha de adquisición Fuente de adquisición Total de préstamos Signatura topográfica completa Código de barras Visto por última vez Precio de reemplazo Tipo de ítem Koha
        Colección de folletos Biblioteca del Ateneo de Madrid Biblioteca del Ateneo de Madrid Depósito folletos 17/11/2009     2254-F-5 1181741 23/02/2023 23/02/2023 Folleto